[Event "Bagneux op"]
[Site "Bagneux"]
[Date "1988.07.??"]
[Round "9"]
[White "Kovacs, Laszlo"]
[Black "Armas, Julius"]
[Result "0-1"]
[WhiteElo "2335"]
[BlackElo "2460"]
[Annotator "Armas,J"]
[PlyCount "102"]
[EventDate "1988.07.??"]
[EventType "swiss"]
[EventRounds "9"]
[EventCountry "FRA"]
[SourceTitle "EXT 2020"]
[Source "ChessBase"]
[SourceDate "2019.10.17"]
[SourceVersion "1"]
[SourceVersionDate "2019.10.17"]
[SourceQuality "1"]

1. d4 Nf6 2. c4 c5 3. d5 e6 4. Nc3 exd5 5. cxd5 d6 6. e4 g6 7. Bb5+ Bd7 8. a4
Bg7 9. Nf3 O-O 10. Nd2 $146 (10. O-O a6 11. Be2 Bg4 12. Bg5 Bxf3 13. Bxf3 Nbd7
14. Be2 Re8 15. Qc2 Qa5 16. Rfe1 Rac8 17. f4 c4 18. Bh4 Nc5 19. Bf1 Qb4 20. h3
Nd3 21. Reb1 Nxf4 22. a5 Nd7 23. Bf2 Nc5 24. Be3 Nfd3 25. Ra3 Bxc3 26. Rxc3
Nxe4 27. Ra3 f5 28. Bxd3 cxd3 29. Qxd3 Qc4 30. Qd1 Qc2 31. Rb3 Re7 32. Kh2 Qxd1
33. Rxd1 Rc2 34. Rb6 g5 35. Rc1 Rxc1 36. Bxc1 f4 37. h4 Rc7 38. Rb4 Nf6 39. Bd2
h6 {Forintos,G (2425)-Boensch,U (2460) Cienfuegos 1979 1/2-1/2}) 10... Re8 11.
O-O Bxb5 12. axb5 Nbd7 13. Qc2 Nb6 14. Ra3 $6 Ng4 15. h3 Ne5 16. b3 c4 17. Bb2
cxb3 18. Qxb3 Nd3 19. Ba1 Nc5 20. Qb4 Qh4 $36 21. Nf3 Qf4 22. Nd4 Nxe4 23. Nde2
Qf5 24. Ng3 Nxg3 25. fxg3 Nxd5 26. Nxd5 (26. Qxd6 Bd4+) 26... Qxd5 27. Bxg7
Kxg7 28. Qb2+ Qe5 29. Qa2 Re7 30. Raf3 Qc5+ 31. Kh1 d5 32. Qb2+ d4 33. Qb3 Rf8
34. g4 Kg8 35. h4 Re3 36. Qb1 Rxf3 37. Rxf3 Rc8 38. Qb3 Qc4 39. Qa3 Qc1+ 40.
Kh2 Qxa3 41. Rxa3 Rd8 42. Rxa7 d3 43. Ra1 d2 44. Rd1 Kf8 45. Kg3 Ke7 46. Kf4
Rd5 47. h5 Kd6 48. h6 Kc5 49. Ke4 Kc4 50. g5 Rd7 51. Ke5 Kc3 0-1

[Event "GRE-chT"]
[Site "Athens"]
[Date "1996.??.??"]
[Round "3"]
[White "Atalik, Suat"]
[Black "Pavlovic, Milos"]
[Result "1/2-1/2"]
[WhiteElo "2535"]
[BlackElo "2490"]
[Annotator "Atalik,S"]
[PlyCount "67"]
[EventDate "1996.??.??"]
[EventType "team"]
[EventRounds "9"]
[EventCountry "GRE"]
[SourceTitle "CBM 055 Extra"]
[Source "ChessBase"]
[SourceDate "1997.01.01"]
[SourceVersion "1"]
[SourceVersionDate "1997.01.01"]
[SourceQuality "1"]

1. d4 Nf6 2. c4 c5 3. d5 e6 4. Nc3 exd5 5. cxd5 d6 6. e4 g6 7. Bd3 Bg7 8. h3
O-O 9. Nf3 b5 10. Bxb5 Nxe4 11. Nxe4 Qa5+ 12. Nfd2 Qxb5 13. Nxd6 Qd3 14. N2c4
Qxd1+ 15. Kxd1 Bd7 $5 $146 16. Ke2 Na6 17. Be3 Rfb8 (17... f5 $5 18. f4 Rab8
19. Rab1 Rf6 20. b4 $1 Rxb4 21. a3 $1 (21. Rxb4 cxb4 22. Bd4 Rf8 23. Bxg7 Kxg7
24. Ne5 $36) 21... Rxb1 22. Rxb1 Bf8 23. Rb7 $18) 18. Rab1 (18. Rhd1 $1 Bxb2
19. Nxb2 Rxb2+ 20. Rd2 (20. Kf3 $36) 20... Rab8 21. Ne4 $1 Rxd2+ 22. Kxd2 Bf5
23. Nxc5 Rb2+ 24. Ke1 Nb4 25. Rd1 $16 Nc2+ 26. Kf1 Rb5 27. Rc1) (18. Kf3 $3
Bxb2 19. Nxb2 Rxb2 20. Ne4 Bf5 21. g4 Bxe4+ 22. Kxe4) 18... Nb4 19. Rhd1 (19.
Bxc5 $6 Nxd5 20. Rhd1 Be6 $44) 19... Nxa2 (19... Ba4 $2 20. Rd2 Nxa2 21. Ra1
Bb3 22. Na5 $18) 20. Ra1 (20. Bxc5 Ba4 21. Re1 Bb3 $132) 20... Nb4 $2 (20...
Rxb2+ 21. Nxb2 Nc3+ 22. Kf3 Nxd1 23. Rxd1 Bxb2 24. Bxc5 $40) 21. Bxc5 Bf8 22.
Bxa7 (22. Ra5 $5 $16) 22... Nc2 23. Bxb8 $6 (23. Ra5 Rb4 24. Rd2 Bxd6 25. Nxd6
Rxb2 26. Kd1 $18) 23... Nxa1 24. Bc7 Ra2 25. Kf3 $6 (25. Kd3 $1 Ba4 26. Re1 Nc2
(26... Bc2+ 27. Kc3 Bg7+ 28. Ne5 Bb3 29. Ndc4 $18) 27. Re2 Nb4+ 28. Kd4 Bg7+
29. Ne5 Bb3 (29... Bd1 30. Rd2) 30. Ndc4 $18 Ra1 31. d6 Nc6+ 32. Kc5 Nxe5 33.
Nxe5) 25... Ba4 26. Rd3 $6 (26. Rb1 Bc2 27. Re1 $18) 26... Nc2 27. Kg3 $2 (27.
Ba5 $8 Bxd6 28. Nxd6 Rxb2 29. Rc3 $1 (29. Nc4 Rb3 30. Rxb3 Bxb3 31. Nb6 Kf8)
29... Rb3 30. Kf4 Rxc3 31. Bxc3 Kf8 $16) 27... Nb4 28. Rd2 (28. Ra3 Rxa3+ 29.
bxa3 Nxd5 30. Bb8 $14) 28... Bb3 $132 29. Ne3 $4 (29. f4 Ra7 30. Nb5 (30. Bb8
Ra8 31. Bc7 Ra7 32. Bb6 Ra6 33. Bc5 $140 $2 Bxc4 $19) 30... Rb7 $10 (30... Rxc7
31. Nxc7 Bxc4 32. d6 $18) 31. Nca3 Nxd5 32. Bd6 $16) 29... Na6 (29... Ra7 $2
30. Ne8 Rxc7 31. Nxc7 Bd6+ 32. Kf3 Bxc7 33. d6 $44) 30. Nb7 $8 Nxc7 31. d6 Ne6
32. d7 Be7 (32... Ra7 33. d8=Q Nxd8 34. Nxd8 Rc7 35. Nd5 Bxd5 36. Rxd5 Be7 37.
b4 Bxb4 38. Rb5 Bd6+ 39. Kf3 $10) 33. d8=Q+ Nxd8 34. Nxd8 (34. Nxd8 Bf6 $10)
1/2-1/2

[Event "BIH-chT 2nd"]
[Site "Jahorina"]
[Date "2003.06.23"]
[Round "4"]
[White "Atalik, Suat"]
[Black "Kovacevic, Aleksandar"]
[Result "1-0"]
[WhiteElo "2568"]
[BlackElo "2536"]
[Annotator "Atalik,S"]
[PlyCount "59"]
[EventDate "2003.06.21"]
[EventType "team-tourn"]
[EventRounds "9"]
[EventCountry "BIH"]
[SourceTitle "CBM 094 Extra"]
[Source "ChessBase"]
[SourceDate "2003.07.09"]
[SourceVersion "2"]
[SourceVersionDate "2003.07.09"]
[SourceQuality "1"]
[WhiteTeam "Sarajevo Napredak"]
[BlackTeam "Sokolac Glasinac"]
[WhiteTeamCountry "BIH"]
[BlackTeamCountry "BIH"]

1. d4 Nf6 2. c4 e6 3. Nf3 c5 4. d5 d6 5. Nc3 exd5 6. cxd5 g6 {Modern Benoni is
one of the main weapons of my opponent who has worked for many years with GM
Velimirovic.} 7. e4 Bg7 8. Bf4 ({I have finally lost my belief in} 8. h3 O-O 9.
Bd3 b5 10. Nxb5 Re8 11. O-O Nxe4 $11) 8... a6 9. Qa4+ Bd7 10. Qb3 {The
critical position.} Bc8 $2 {No but this can not be a Benoni player's choice.} (
10... b5 11. Bxd6 b4 12. e5 $1 bxc3 13. exf6 cxb2 14. Qxb2 Bxf6 15. Be5 Bxe5
16. Qxe5+ Qe7 17. O-O-O $14) 11. a4 O-O 12. Be2 Qe7 13. Nd2 {Usually in this
opening if white sets up a pair of his minor pieces like Bg5, Nd2 or Bf4 Nd2
he is better unless he kacks in development.} Nbd7 14. O-O Ne5 {Black heads
for Kapengut's favorite set up in this opening albeit some tempi down.} 15.
Rae1 $1 (15. h3 Nfd7 16. Be3 g5 17. f4 gxf4 18. Rxf4 Ng6 19. Rf2 Nde5 20. Raf1
{is another way to deal with the position.} Qh4 $13) 15... Ne8 (15... Nh5 16.
Be3 (16. Bxh5 Nd3) 16... Ng4 17. Bxg4 Bxg4 18. Nc4 $16) 16. Bg3 g5 {Everything
has developped as I have foreseen.} 17. Nd1 {Trying to gain advantage of f5
square.} {Black needs counterplay.} b5 $8 18. axb5 axb5 19. Qxb5 Nc7 20. Qb3 $1
{Simple and good.} (20. Qb6 $2 Bd7 $1 21. Ne3 (21. Qxc7 Rfc8 22. Qb6 Rcb8 $11)
21... Rfc8 22. Ndc4 Ne8 $44) 20... Bd7 {f5 square is important.} (20... Ba6 21.
Bxa6 Rfb8 22. Bb7 Ra7 23. Ne3 Raxb7 24. Nf5 Qd8 25. Qd1 $16) 21. Nc3 Rfb8 22.
Qc2 $16 {Black does not have enough compensation for the pawn.} Na6 23. Nc4 Nb4
24. Qd2 Na2 25. Nd1 $1 {Covering the weaknesses and giving black minimum
counterplay.} Ra4 $6 $138 {hastens the end.} (25... Ba4 $2 26. Nde3) (25...
Nxc4 26. Bxc4 Rb4 27. b3 Bd4 28. Kh1 $16) 26. Nde3 Nxc4 $2 {A very bad
exchange!} (26... Nb4 27. Nxe5 Bxe5 28. Bxe5 (28. Nc4 Bxg3 29. fxg3 f6 30. Qc3
Kg7 31. Rf2 $16) 28... Qxe5 29. Nc4 Qxe4 30. Bd1 (30. Nb6 Rxb6 31. Qxg5+ Qg6
32. Qd8+ Kg7 33. Qxb6 Nc2 $132) 30... Qxd5 (30... Qxc4 31. Qxg5+ Kh8 32. Qf6+
Kg8 33. Re3 $18) 31. Qxd5 Nxd5 32. Bxa4 Bxa4 33. Nxd6 Rxb2 34. Re5 Bc6 35.
Rxg5+ Kf8 36. Re1 f6 37. Rf5 $18) 27. Nxc4 Rxc4 28. Bxc4 Rxb2 29. Qa5 $1 $18 {
Black has a gone game.} Nb4 30. Qc7 1-0

[Event "Mar del Plata op 34th"]
[Site "Mar del Plata"]
[Date "2003.04.18"]
[Round "8"]
[White "Atalik, Suat"]
[Black "Lafuente, Pablo"]
[Result "1/2-1/2"]
[WhiteElo "2568"]
[BlackElo "2431"]
[Annotator "Atalik,S"]
[PlyCount "61"]
[EventDate "2003.04.12"]
[EventType "swiss"]
[EventRounds "9"]
[EventCountry "ARG"]
[SourceTitle "EXT 2004"]
[Source "ChessBase"]
[SourceDate "2003.11.25"]
[SourceVersion "1"]
[SourceVersionDate "2003.11.25"]
[SourceQuality "1"]

1. d4 Nf6 2. c4 c5 3. d5 e6 4. Nc3 exd5 5. cxd5 d6 {My young opponent Pablo
has chosen Modern Benoni for this encounter.} 6. e4 g6 7. Bd3 ({I have to
learn more about} 7. f4 Bg7 8. Bb5+ Nfd7 9. a4 {which is believed to bring
serious advantage for home team.}) 7... Bg7 8. h3 ({Alex sometimes goes for
Knaak's favorite line.} 8. Nge2 O-O 9. O-O) 8... O-O 9. Nf3 {Now we are in the
stem position for the line which almost anybody believed that it busted Modern
Benoni in late 80s.} (9. Bg5 $142 {Alex's choice is most likely bette.Despite
of losing a tempo in some lines white prevents b5 for good.}) 9... a6 $6 {
I am always happy to see something without b5 over the board.} 10. a4 Nbd7 11.
O-O Re8 ({Romanishin's or Yudasin's way is applicable around here.} 11... Nh5
12. Be3 Ne5 13. Be2 Nxf3+ 14. Bxf3 Nf6 15. Bf4) 12. Re1 Qe7 $6 {I am not an
affiliate of this Minasian maneuver either.I believe that black can not stop
e5 in longterm.} (12... Nh5 {It was not too late for the above mentioned idea.}
13. Be3 Ne5 14. Be2 Nxf3+ 15. Bxf3 Nf6 16. Bf4 Nd7 17. Bxd6 Qb6 18. e5 Nxe5 19.
Bxe5 Bxe5 20. a5 Qxb2 $140 $2 21. Na4 Qb4 22. Nb6 Rb8 23. d6 $18) 13. Bf4 $1 {
White is preparing e5 thrust.} Nh5 14. Bh2 Qf8 (14... Ne5 15. Be2) (14... Bh6
15. e5 dxe5 16. Nxe5 Nf4 17. Nxd7 Qxe1+ 18. Qxe1 Rxe1+ 19. Rxe1 Bxd7 20. Bxf4
Bxf4 21. Ne4 Bf5 22. Nxc5 Rc8 23. b4 Bxd3 24. Nxd3 Bd6 25. Kf1 $16) (14... Qf6
15. Qd2) 15. a5 $1 $16 {Putting black under serious pressure.} Ne5 (15... Rb8
16. Qc2 (16. g4 $6 Nhf6 17. e5 dxe5 18. Nxe5 Nxe5 19. Bxe5 Rxe5 20. Rxe5 Nxg4
$44 {is not pleasant but...}) 16... b5 17. axb6 Rxb6 18. Nd2 Ne5 19. Be2 $16)
16. Be2 $1 {The main idea in this line.I have already applied it on several
occasions:against Stajcic in Budapest 1992,against Khomyakov in Alushta 1999
are typical examples.} Nf6 {Considering the circumstances black goes for
something usually not very recommended.} (16... Nxf3+ 17. Bxf3 Nf6 18. e5 $1 {
the whole plan was designed for this.} dxe5 19. Bxe5 Nd7 20. Bxg7 Kxg7 21. Na4
$16) 17. Nxe5 dxe5 18. Qc2 (18. Na4 Nxe4 19. Nb6 Rb8 20. Nxc8 Rbxc8 21. Bg4 f5
22. Rxe4 {looked unnecessary to me,so first e4 should be protected.}) 18... Bd7
(18... Nd7 19. Na4 {and black can hardly move.}) 19. Ra3 {This is good but
white had another consequent possibility.} (19. Na4 Bxa4 20. Rxa4 h5 $1 {
preventing Bg4 in case.} 21. b4 cxb4 22. Qb1 $1 {found in analysis by me.} Bh6
23. Rd1 Qc5 24. Rxb4 Qxa5 25. Rxb7 $16) 19... Qd6 {The most normal defense by
black.} (19... c4 20. Bxc4 Qc5 21. Bd3 $16) 20. Rb3 Qc7 21. Rb6 c4 22. Ra1 $1 {
Now with a5 defended black days are numbered!} Rec8 23. Rb4 $18 Bb5 {For some
reason this made me confused and I have become overconcerned about my rook on
b6.} 24. Nxb5 axb5 25. Rxb5 Ne8 26. Rb4 $4 {Hard to come up with something as
stupid as this!} ({The easy to find} 26. b4 $1 {seals black's faith} cxb3 (
26... Bf8 27. Rc1 Qe7 28. Bxc4 Nd6 29. Rc5 Bh6 30. Rd1 $18) (26... b6 27. Ra4
$1 $18) 27. Qxc7 Rxc7 28. Rxb3 Rc5 (28... Nd6 29. Bd3) 29. Rxb7 Rcxa5 30. Rxa5
Rxa5 31. Bg3 f6 32. Bg4 Nd6 33. Be6+ Kf8 34. Rd7 Ra6 35. f3 $18) ({Even the
other move I was looking is enough to deliver!} 26. d6 Nxd6 27. Bxe5 Qc6 (27...
Nxb5 28. Bxc7 Rxc7 29. Bxc4 Nd6 30. Ra4 b5 31. axb6 $18) 28. Rd5 Bxe5 29. Rxe5
Re8 30. Rd5 Rxe4 31. Rxd6 Rxe2 32. Qxe2 Qxd6 33. Qxc4 $18) 26... Rxa5 27. Rxa5
Qxa5 28. Rxc4 Qe1+ ({I was only considering the geometrically ridiculous} 28...
Qa1+ $4 29. Bf1 Rxc4 30. Qxc4 Nd6 31. Qb4 $18) 29. Bf1 Rxc4 30. Qxc4 Nd6 31.
Qe2 $11 {It is a shame to blow such a position but I had to draw this game by
an offer.White can not lose this game.} (31. Qe2 Qxe2 32. Bxe2 Nxe4 33. Kf1 Kf8
34. f3 Nd6 35. Bg1 $11) (31. Qd3 Nxe4 32. d6 Qxf2+ 33. Kh1 Nxd6 $1 $19) 1/2-1/2

[Event "Alushta"]
[Site "Alushta"]
[Date "1999.03.13"]
[Round "11"]
[White "Atalik, Suat"]
[Black "Khomyakov, Vladimir"]
[Result "1-0"]
[WhiteElo "2593"]
[BlackElo "2380"]
[Annotator "Atalik/Alexandrova,O"]
[PlyCount "99"]
[EventDate "1999.03.03"]
[EventType "tourn"]
[EventRounds "11"]
[EventCountry "UKR"]
[EventCategory "10"]
[SourceTitle "CBM 070"]
[Source "ChessBase"]
[SourceDate "1999.06.08"]
[SourceVersion "1"]
[SourceVersionDate "1999.06.08"]
[SourceQuality "1"]

1. d4 Nf6 2. c4 c5 3. d5 g6 4. Nc3 Bg7 5. e4 O-O 6. Bd3 e6 7. Nf3 (7. Bg5 $5 h6
8. Be3 exd5 9. cxd5) 7... exd5 8. cxd5 d6 9. h3 a6 10. a4 Nh5 11. O-O Nd7 12.
Re1 Rb8 $6 (12... Ne5 13. Be2 Nxf3+ 14. Bxf3 Qh4 (14... Nf6 15. Bf4) 15. Bxh5
gxh5 16. Qd2 $1) (12... Re8 $142 $1 13. Be3 Ne5 14. Be2 Nxf3+ 15. Bxf3 Nf6 16.
Bf4 Nd7 17. Bxd6 Qb6 18. e5 Nxe5 19. Bxe5 Rxe5 $1 (19... Bxe5 $6 20. a5 $1) 20.
Rxe5 Bxe5 21. Qe2 $1 $13) 13. Be3 Ne5 (13... Re8 14. Qd2) 14. Be2 Nxf3+ 15.
Bxf3 Nf6 16. Bf4 Ne8 (16... b5 17. axb5 axb5 18. e5 dxe5 19. Bxe5 $40) 17. a5
b5 18. axb6 Rxb6 19. Na4 Rb4 20. Bd2 Rb8 (20... Rd4 21. Qc2) 21. Bc3 f6 (21...
Bxc3 $6 22. bxc3 $16) 22. Qd2 Nc7 23. Ba5 $1 $16 Qe7 $5 {The best practical
chance.} (23... f5 24. e5) (23... Qd7 24. Nb6 Qe7 25. b4 (25. Nxc8 Rfxc8 26.
Bg4 Rd8 27. Bxc7 Qxc7 28. Be6+ Kh8 29. Rxa6 f5 $132) 25... cxb4 26. Rab1 Nb5
27. Rxb4 $16) 24. Nxc5 Nb5 25. Na4 $6 (25. Nb3 $1 $16) 25... Qa7 $1 26. Bb4 (
26. Qe3 $6 Nd4 27. Bb6 Nxf3+ 28. gxf3 Qd7 $132) 26... f5 (26... Nd4 $2 27. Bxd6
$18) (26... Rd8 $5 27. Bd1 Nd4 28. Ba5 Re8 29. Rc1 $16) 27. Nc3 fxe4 (27... Nd4
$2 28. Bxd6 Nb3 29. Qf4 (29. Bxb8 Qxb8 30. Qd1 Nxa1 31. Qxa1 $18) 29... fxe4
30. Bxb8 Qb7 (30... Rxf4 31. Bxa7 Nxa1 32. Bxe4 $18) 31. Qxe4 Nxa1 32. Bd6 $18)
28. Nxb5 Rxb5 29. Rxe4 Qb6 $6 (29... Bxh3 $5 30. gxh3 $1 {Miles} (30. Rae1 $6
Qb6 31. Bc3 Bxc3 32. bxc3 Rb2 33. Qe3 Bf5 $11) (30. Bc3 Bf5 31. Rea4 $5) 30...
Rxf3 31. Qe2 Qf7 (31... Rf8 $6 32. Re7 Qxf2+ 33. Qxf2 Rxf2 34. Rxg7+ Kxg7 35.
Bc3+ Rf6 36. Rf1 $18) 32. Rxa6 $5 $16 (32. Bxd6 $6 h6 $1 (32... Rxb2 $2 33.
Re8+ Bf8 34. Rxf8+ Qxf8 35. Qe6+ Qf7 36. Qc8+ Kg7 37. Be5+ Kh6 38. Bxb2 $18)
33. Re8+ Kh7 34. Re7 Qxd5 35. Be5 Rf7)) (29... Bf5 30. Re2 $1 (30. Rc4 Bxh3 31.
Rac1 $14) 30... Bxh3 31. Rae1 Qb6 32. Bc3 Bxc3 33. bxc3 $16) 30. Bc3 (30. Rae1
$6 Bxh3) (30. Rc1 $1 Bf5 31. Rc6 Qb7 32. Rec4 $18) 30... Bxc3 (30... Bxh3 $2
31. Bxg7 Kxg7 32. Qc3+) 31. bxc3 Qd8 (31... Bxh3 $2 32. Qh6) 32. Rae1 Rb7 33.
Rf4 Rbf7 $138 (33... Bxh3 $5 34. Rxf8+ Qxf8 35. Qd3 Bf5 36. Qxa6 $16) 34. Rxf7
Rxf7 35. Kh2 Bd7 (35... a5 36. Qd4 Bd7 37. c4 $16) 36. Qd4 Qf6 $2 (36... a5 37.
c4 $16) 37. Qxf6 Rxf6 38. Kg3 (38. Re7 $2 Rf7 $1) 38... a5 $2 (38... Rf8 $1 39.
Re7 $1 (39. Rb1 Bb5) 39... Rf7 40. Rxf7 Kxf7 41. Kf4 Kf6 42. Ke4 a5 43. Kd4 a4
44. Bd1 a3 45. Bb3 g5 46. c4 Ke7 47. c5 dxc5+ 48. Kxc5 Be8 49. Kb4 Kd6 50. Kxa3
$18) 39. Ra1 a4 40. Bg4 Be8 (40... Bb5 41. c4 Bxc4 42. Be6+ Kg7 43. Rxa4 $18)
41. Be6+ Kg7 42. f4 Bb5 43. c4 Be8 44. Rb1 Rf8 45. Rb7+ Kf6 46. Ra7 (46. Rxh7
$2 Bf7) 46... h6 (46... g5 47. fxg5+ (47. f5 Ke5 48. Rxh7 Bf7 (48... Kd4 49.
Ra7 Kxc4 50. Kg4) 49. Bxf7 a3 50. Bg6 Ra8 51. Re7+ $18) 47... Kxg5 48. h4+ Kf6
49. Kf4 Kg6+ 50. Ke3 Rf1 51. Ra8 $18) 47. Kf3 g5 48. f5 Ke5 49. Ke3 h5 50. g3 (
50. g3 Rh8 51. Rb7 (51. Ra8 Rf8 52. Bd7 Bxd7 53. Rxf8 Bxf5 54. Re8+ Kf6 55. h4
gxh4 56. gxh4 $18) 51... Rf8 52. Rh7 Kf6 53. Kd4 Bf7 54. Rxf7+ Rxf7 55. Bxf7
Kxf7 56. g4 $18) 1-0

[Event "ISR-ch"]
[Site "Ramat Aviv"]
[Date "1998.11.08"]
[Round "1.1"]
[White "Avrukh, Boris"]
[Black "Uritzky, Maxim"]
[Result "1-0"]
[WhiteElo "2565"]
[BlackElo "2420"]
[Annotator "Avrukh,B"]
[PlyCount "51"]
[EventDate "1998.11.08"]
[EventType "k.o."]
[EventRounds "5"]
[EventCountry "ISR"]
[SourceTitle "CBM 068"]
[Source "ChessBase"]
[SourceDate "1999.02.01"]
[SourceVersion "1"]
[SourceVersionDate "1999.02.01"]
[SourceQuality "1"]

1. d4 Nf6 2. c4 c5 3. d5 e6 4. Nf3 exd5 5. cxd5 d6 6. Nc3 g6 7. h3 Bg7 8. e4
O-O 9. Bd3 Na6 10. O-O Nc7 11. Re1 Re8 (11... Rb8 $142 12. a4 a6 {Although
white is clearly better in this line.}) 12. a4 a6 13. Bf4 Rb8 14. Bf1 $1 {
[%mdl 4] Very important move in variations with Na6,now the main idea of black
to provoke b7-b5 doesn't work .} ({Other lines aren't so clear f.e.} 14. Rb1 {
[%cal Gb2b4]} b5 15. axb5 Nxb5 (15... axb5 16. b4 $14) 16. Bc4 Nd4 17. Qd3 Qc7
(17... Nh5 $142 18. Bh2 Nxf3+ 19. Qxf3 Be5 {with very comfortable play for
black.}) 18. Nd2 Nh5 (18... Nd7 19. Bxa6) 19. Bh2 Bh6 $2 (19... Be5 20. Bxa6
Bxh2+ 21. Kxh2 Nf4 22. Qf1 Bd7 $44) 20. Nf3 Rb4 21. b3 Nxf3+ 22. Qxf3 Bg7 23.
e5 $1 $36 {1-0 Avrukh,B-Gufeld,E/Moscow 1992/EXT 92op (32)}) (14. Bc2 $5 b5 15.
e5 Nh5 (15... dxe5 16. Nxe5 Bb7 17. Nc6 Rxe1+ 18. Qxe1 Bxc6 19. dxc6 {with
clear advantage for white.}) 16. Bh2 dxe5 17. Nxe5 Bd7 (17... Bxh3 $1 18. Qf3
Bxe5 19. Rxe5 Rxe5 20. Bxe5 b4 21. d6 Ne6 22. Nd5 (22. Qxh3 bxc3 23. Qxc3 Qg5
$13) 22... Qg5 $13) 18. axb5 axb5 19. Nxd7 $2 (19. Qf3 Nf6 20. Ne4 $1 $16)
19... Qxd7 20. Rxe8+ Rxe8 21. Ra7 Be5 $2 (21... Bxc3 22. bxc3 (22. Rxc7 $2 Qxd5
$19) 22... Qxd5) 22. d6 $1 $18 {1-0 Adianto,U-Dao Thien Hai/Cap D'Agde FRA
1998 (31)}) (14. a5 b5 15. axb6 Rxb6 16. Na4 Rb4 17. Nd2 $2 Nfxd5 $17 {0-1
Gerlach,M-Wallinger,M/Nuernberg 1988/EXT 88op2 (22)}) 14... h6 (14... b5 15. e5
$1 dxe5 16. Nxe5 Bb7 (16... Nfxd5 17. Nc6 Nxc3 18. Qxd8 {and white wins.}) 17.
Nc6 Bxc6 18. dxc6 Rxe1 19. Qxe1 b4 20. Rd1 Qc8 21. Ne4 $16 {[%cal Gf1c4]}) 15.
Bh2 {Also very useful move before e4-e5 break.} g5 {[%cal Gg5g4]} 16. e5 $16
dxe5 17. Nxe5 Rf8 (17... Ncxd5 18. Nxf7 Rxe1 19. Qxe1 Kxf7 20. Bxb8 Nxc3 (20...
Bxh3 21. Nxd5 Nxd5 22. gxh3 Qxb8 23. Bc4 $18) 21. bxc3 Bxh3 22. Bc4+ Kg6 23.
gxh3 Qxb8 24. Qe7 $18) (17... Nfxd5 18. Nxd5 (18. Nxf7 $6 Rxe1 19. Nxd8 Rxd1
20. Rxd1 Nf4) 18... Qxd5 19. Nc4 $1 Rxe1 20. Qxe1 (20. Qxd5 Rxf1+ 21. Rxf1 Nxd5
22. Bxb8 b5 23. Rd1 Be6 24. axb5 axb5 25. Ne5 c4 $44) 20... Qd8 21. Rd1 Bd4 22.
b4 b6 23. a5 b5 24. Nb6 $18 ({Also interesting.} 24. bxc5 bxc4 25. Rxd4 $1 Qxd4
26. Bxc7 Rb2 27. Qe8+ Kh7 28. Qxf7+ Kh8 29. Bxc4 {and white wins.})) 18. Qf3 {
[%cal Ga1d1]} Bd7 19. Rad1 {Black is absouletely hopeless against white's
pressure.} Rc8 20. Bc4 (20. Nc6 $6 bxc6 21. dxc6 Ne6 22. cxd7 Nxd7 {[%cal
Ge6d4] gives black some contrachances.}) 20... Nce8 (20... b5 21. Nc6 $18) 21.
d6 $18 {[%csl Rf7]} Bc6 22. Qd3 {[%cal Gd3g6]} Nd7 23. Nxf7 $1 Rxf7 24. Re7
Nef6 25. Rxf7 Kh8 26. Qg6 {not waiting for 26...Bf827Rh7!-Nh728Qg8 mate} 1-0